000 00452nam a2200193Ia 4500
008 210210b1949 xxu||||| |||| 00| 0 eng d
041 _aeng
082 _a828/279
100 _aHARDY (R G)
245 _aRecollections of Logan Pearsall Smith
260 _aLondon
_bConstable & Co Ltd.
_c1949
650 _aSmith
650 _aRecollections
650 _aPearsall
650 _aof
650 _aLogan
690 _aBiography
906 _a016124
999 _c135530
_d135530